Sports Quiz

Random Sports or Auto Racing Quiz

Formula 1 A-Z: Most race starts Quiz Stats

 Plays Quiz not verified by Sporcle

Support Sporcle.
Go Orange.
Score 0/27 Timer 10:00
0 Plays Today
Surname starts with Driver % Correct
SMichael Schumacher
89.1%
AFernando Alonso
86.4%
BRubens Barrichello
85.5%
HLewis Hamilton
82.7%
VSebastian Vettel
74.2%
RKimi Raikkonen
71.7%
CDavid Coulthard
67.6%
WMark Webber
55.2%
MFelipe Massa
53.8%
FGiancarlo Fisichella
45.3%
PRiccardo Patrese
44.4%
TJarno Trulli
44%
IEddie Irvine
39.1%
ZAlessandro Zanardi
29.4%
Surname starts with Driver % Correct
GRomain Grosjean
23.9%
O (shared)Esteban Ocon
19.3%
KHeikki Kovalainen
18.8%
DPedro Diniz
15%
NAlessandro Nannini
14.1%
YSakon Yamamoto
13.9%
EMarcus Ericsson
12.3%
LJacques Laffite
12.2%
JJean-Pierre Jarier
8.1%
O (shared)Jackie Oliver
5.9%
QDieter Quester
4.6%
U (shared)Alberto Uria
2.1%
U (shared)Toni Ulmen
1.4%

You're not logged in!

Compare scores with friends on all Sporcle quizzes.
OR
Log In

From the Vault

Broadway Musical Titles in Latin

by horse888

Let's see how lively Broadway can make a dead language.
Remove Ads.
Support Sporcle.
Get the best of Sporcle when you Go Orange. This ad-free experience offers more features, more stats, and more fun while also helping to support Sporcle. Thank you for becoming a member.

Show Comments

Extras

Created May 19, 2020ReportNominate
Tags:Auto Racing Quiz, Formula 1

Top Quizzes Today


Score Distribution

Your Account Isn't Verified!

In order to create a playlist on Sporcle, you need to verify the email address you used during registration. Go to your Sporcle Settings to finish the process.

Report this User

Report this user for behavior that violates our Community Guidelines.

Details: